banner koha

Modelagem da cobrança pelo uso da água bruta na bacia do rio Santa Maria/RS:1 - Estratégia metodológica e adaptação à bacia (Registro n. 199895)

MARC details
000 -LÍDER
campo de controle de tamanho fixo 00943nas a2200301 4500
001 - NÚMERO DE CONTROLE
campo de controle BR0807999
003 - IDENTIFICADOR DO NÚMERO DE CONTROLE
campo de controle BR-BrBNA
005 - DATA E HORÁRIO DA ÚLTIMA TRANSAÇÃO
campo de controle 20231205112754.0
007 - CAMPO FIXO DE DESCRIÇÃO FÍSICA--INFORMAÇÃO GERAL
campo de controle de tamanho fixo ta
008 - CAMPO DE DADOS FIXOS--INFORMAÇÃO GERAL
campo de controle de tamanho fixo 230509b bl.|||p| |||| 00| 00por d
040 ## - FONTE DA CATALOGAÇÃO
Instituição da catalogação original BR-BrBNA
Idioma da catalogação por
Instituição que transcreveu o registro Biblioteca Nacional de Agricultura
041 ## - CÓDIGO DE IDIOMA
Código do idioma do texto/trilha sonora ou título diferente (Pt)
072 ## - CÓDIGO DE CATEGORIA DE ASSUNTO
Código de Categoria de Assunto P10; M01
100 1# - ENTRADA PRINCIPAL--NOME PESSOAL
Nome pessoal Forgiarini, F.R.
100 1# - ENTRADA PRINCIPAL--NOME PESSOAL
Nome pessoal Silveira, G.L. da
100 1# - ENTRADA PRINCIPAL--NOME PESSOAL
Nome pessoal Cruz, J.C.
245 1# - TÍTULO
Título Modelagem da cobrança pelo uso da água bruta na bacia do rio Santa Maria/RS:1 - Estratégia metodológica e adaptação à bacia
650 ## - ASSUNTO--TERMO TÓPICO
Cabeçalho tópico ou nome geográfico ECONOMIA
650 ## - ASSUNTO--TERMO TÓPICO
Cabeçalho tópico ou nome geográfico RECURSO HÍDRICO
650 ## - ASSUNTO--TERMO TÓPICO
Cabeçalho tópico ou nome geográfico CADASTRO
650 ## - ASSUNTO--TERMO TÓPICO
Cabeçalho tópico ou nome geográfico INVESTIMENTO
650 ## - ASSUNTO--TERMO TÓPICO
Cabeçalho tópico ou nome geográfico VOLUME
650 ## - ASSUNTO--TERMO TÓPICO
Cabeçalho tópico ou nome geográfico SUBSÍDIO
650 ## - ASSUNTO--TERMO TÓPICO
Cabeçalho tópico ou nome geográfico FINANCIAMENTO
773 0# - ENTRADA ANALÍTICA
Título Revista Brasileira de Recursos Hídricos (Brazil)
ISSN - International Standard Serial Number ISSN 1414-381X
Partes relacionadas (Jan-Mar 2008), v. 13(1) p. 65-77
Número de controle do registro BR0807999
909 ## -
-- 202311
-- Lúcia
-- 55
-- Lúcia Elande
942 ## - ELEMENTOS DE ENTRADA ADICIONADOS (KOHA)
Fonte da classificação ou esquema de arquivamento na estante Classificação AGRIS
Ocultar no OPAC Não
Tipo de material Koha Analítica
Exemplares
Situação do descarte Fonte da classificação ou esquema de arquivamento na estante Situação física Não pode ser emprestado Biblioteca de origem Biblioteca atual Localização na estante Enumeração do periódico / cronologia Total de empréstimos Data de último acesso Número do exemplar Tipo de material Koha Fonte de aquisição
  Classificação AGRIS   Consulta local Biblioteca Nacional de Agricultura - Binagri Biblioteca Nacional de Agricultura - Binagri   (Jan-Mar 2008), v. 13(1) p. 65-77   29/11/2023 01 Periódicos Portaria Interministerial nº 164/94

BINAGRI

Telefone: (61)3218-2567/2388/3357/2097 - binagri@agro.gov.br

Ministério da Agricultura e Pecuária , Esplanada dos Ministérios, Bloco D, Anexo B, Brasília/DF, CEP: 70.043-900